[Event "XVIII Najdorf Open 2018"]
[Site "Warsaw"]
[Date "2018.07.08"]
[Round "1"]
[White "Fus, Jakub"]
[Black "Rakesh, Kumar Jena"]
[Result "1/2-1/2"]
[WhiteElo "2195"]
[BlackElo "2385"]
[Annotator "TA"]
[PlyCount "119"]
[EventDate "2018.07.08"]
[EventCountry "POL"]
[SourceTitle "playchess.com"]
[Source "ChessBase"]
[SourceQuality "1"]

{[%evp 14,119,59,20,75,64,86,91,95,58,85,74,107,95,80,49,96,48,52,51,96,95,110,31,30,30,31,31,81,33,41,36,55,31,64,73,68,66,85,34,60,0,57,0,56,64,154,151,170,167,212,110,110,115,102,106,103,94,96,14,24,0,0,0,0,0,0,0,0,0,0,0,0,0,0,0,0,0,0,0,6,0,0,0,0,0,0,0,0,0,0,0,0,0,0,0,0,0,102,0,0,0,0,0,0,0,0,-12848]} 1. d4 f5 2. g3 Nf6 3. Bg2 g6 4. Nf3 Bg7 5. O-O O-O 6. c4 d6 7. Nc3 a5 8. b3 {LiveBook: 4 Games. A87: Dutch Defence: Leningrad System: 5 Nf3} c5 $146 (8... Nc6 $11 {keeps the balance.}) ({Predecessor:} 8... c6 9. Bb2 Qc7 10. d5 e6 11. dxe6 Bxe6 12. Qd2 Na6 13. Rad1 Rad8 14. Ba3 Nb4 15. Nd4 Rfe8 16. Nxe6 Rxe6 17. e3 Ree8 18. Na4 {½-½ (34) Granero Roca,A (2392)-Martinez Duany,L (2510) Linares 2017}) 9. Bb2 Nc6 10. d5 {White is better.} Nb4 11. Re1 Bd7 12. Ng5 Rb8 13. a3 Na6 14. Qc2 Nc7 $1 15. a4 h6 16. Nh3 g5 17. f4 Qe8 18. e3 (18. Nb5 $16 Nxb5 19. axb5) 18... Qg6 $14 19. Rad1 Rbe8 20. Qc1 Bc8 21. Nf2 b6 22. Qb1 Qh5 23. Ne2 e6 24. dxe6 Rxe6 25. Nc3 ({Of course not} 25. Qxf5 Rxe3 26. Qc2 Rfe8 $11) 25... Rfe8 26. Qc1 (26. Bc6 $16) 26... Qf7 27. Bh3 (27. Nb5 $14 Nxb5 28. axb5) 27... Nh5 ({Black should play} 27... Nh7 $11) 28. Bg2 (28. fxg5 $1 $14 hxg5 29. Bg2) 28... gxf4 (28... Nf6 $1 $11) 29. exf4 Bd4 ({Better is} 29... Rxe1+ $14 30. Rxe1 Bd4) 30. Rxe6 $1 $16 Nxe6 31. Nb5 Qg6 {[#]} 32. Nxd4 ({White has to play} 32. Kf1 $1 $18) 32... Nexf4 {[#]} 33. Re1 $1 {[%cal Re1e8]} ({Don't blunder} 33. gxf4 $2 Bb7 $19) 33... Rxe1+ 34. Qxe1 cxd4 35. Bxd4 Nxg2 36. Kxg2 ({White should try} 36. Qe7 $16 {Strongly threatening Qd8+.} Qf7 37. Qd8+ (37. Qxd6 Ne1 $11) 37... Qf8 38. Qxf8+ Kxf8 39. Kxg2) 36... Bb7+ $11 37. Kf1 {Qe7 is the strong threat.} f4 38. g4 Bf3 39. Bb2 Ng7 40. Qc3 Qb1+ 41. Qc1 Qxc1+ 42. Bxc1 {[%mdl 4096] Endgame KBN-KBN} Ne6 43. Bd2 Kf7 44. b4 axb4 45. Bxb4 Ke7 46. h3 Nd4 47. Bc3 Ne6 48. Ke1 Bb7 49. Nd3 Be4 50. Ke2 f3+ 51. Ke3 Bxd3 52. Kxd3 {Black must now prevent Ke3. KB-KN} d5 53. Bb4+ Kd7 {Threatens to win with ...Nf4+.} 54. Ke3 dxc4 55. Kxf3 {aiming for h4.} Kc6 (55... b5 $11) 56. Ke4 (56. Ke3 $16) 56... Ng5+ {The position is equal.} 57. Kd4 b5 58. axb5+ Kxb5 59. Bd2 Nf3+ 60. Ke4 $2 {[%mdl 40960] Precision: White = 45%, Black = 47%. . An unexpected result.} (60. Kc3 $11) 1/2-1/2

[Event "XVIII Najdorf Open 2018"]
[Site "Warsaw"]
[Date "2018.07.08"]
[Round "1"]
[White "Malicka, Maria"]
[Black "Nurkiewicz, Maciej"]
[Result "0-1"]
[WhiteElo "2174"]
[BlackElo "2368"]
[Annotator "ChessBase"]
[PlyCount "126"]
[EventDate "2018.07.08"]
[EventCountry "POL"]
[SourceTitle "playchess.com"]
[Source "ChessBase"]
[SourceQuality "1"]

1. e4 c6 2. d4 d5 3. Nc3 dxe4 4. Nxe4 Bf5 5. Ng3 Bg6 6. h4 h6 7. Nf3 Nd7 8. h5 Bh7 9. Bd3 Bxd3 10. Qxd3 e6 11. Bd2 Ngf6 12. O-O-O Qc7 13. Ne4 Nxe4 14. Qxe4 Nf6 15. Qe2 O-O-O 16. g3 Rd5 17. Ne5 Rxd4 18. Bf4 Re4 19. Qd3 Bc5 20. Ng6 Rxf4 21. Nxf4 Bxf2 22. Qf3 Bb6 23. Nd3 Rd8 24. Rdf1 Rd5 25. Nf4 Rf5 26. Qc3 Qe5 27. Qxe5 Rxe5 28. Rf3 Rf5 29. Rhf1 Bc7 30. c3 Bxf4+ 31. Rxf4 Rxh5 32. Rd4 Rd5 33. Rxd5 cxd5 34. Kc2 Kd7 35. Rf4 e5 36. Ra4 a6 37. c4 h5 38. Kd3 g5 39. Ra5 dxc4+ 40. Kxc4 Kd6 41. b4 Nd7 42. b5 axb5+ 43. Rxb5 Kc6 44. Rb1 f5 45. Rh1 Nf6 46. Rf1 Ne4 47. Rg1 g4 48. Kd3 Kd5 49. Rb1 Nxg3 50. Rxb7 h4 51. a4 h3 52. Rh7 e4+ 53. Kc3 Kc5 54. Rh6 e3 55. a5 Ne4+ 56. Kd3 g3 57. a6 g2 58. a7 g1=Q 59. Rc6+ Kb5 60. Rb6+ Kxb6 61. a8=Q Qd1+ 62. Kc4 Qc2+ 63. Kb4 Qc3+ 0-1

[Event "XVIII Najdorf Open 2018"]
[Site "Warsaw"]
[Date "2018.07.08"]
[Round "1"]
[White "Praczukowski, Stanislaw"]
[Black "Lewicki, Miroslaw"]
[Result "0-1"]
[WhiteElo "2170"]
[BlackElo "2361"]
[Annotator "TA"]
[PlyCount "208"]
[EventDate "2018.07.08"]
[EventCountry "POL"]
[SourceTitle "playchess.com"]
[Source "ChessBase"]
[SourceQuality "1"]

{[%evp 19,208,59,49,35,49,58,46,32,27,0,0,14,52,64,158,152,153,164,352,329,317,63,39,0,0,0,9,18,27,0,0,0,0,0,0,0,0,0,0,0,0,0,0,0,0,0,0,0,0,0,0,0,0,0,0,0,0,0,0,0,0,0,0,0,0,0,0,0,0,0,0,0,0,0,0,0,0,0,0,0,0,0,0,0,0,0,0,0,0,0,0,0,0,0,0,0,0,0,0,0,0,0,0,0,0,0,0,-219,-195,-12837,-12837,-12843,0,0,0,-12844,-12843,-12845,-12845,-12845,0,-12845,-12845,-12847,-12847,-29979,-29980,-29980,-29980,-29980,-29981,-29981,-12851,-12851,-12851,-12851,-12851,-12851,-12851,-12851,-12851,-12851,-12851,-12851,-12851,-12851,-12851,-12851,-12851,-12851,-12851,-12851,-12851,-12851,-12851,-12851,-12851,-12851,-12851,-12851,-12851,-12851,0,0,0,-12851,-12851,-12851,-12851,-12851,-12851,-12851,-12851,-12851,-12851,-12851,-12851,-12851,-12851,-12851,-12851,-12851,-12851,-29989,-29990,-29990,-29989,-29989,-29990,-29990,-29991]} 1. d4 Nf6 2. c4 e6 3. g3 d5 4. Bg2 Be7 5. Nf3 O-O 6. O-O b6 7. cxd5 exd5 8. Nc3 Bb7 9. Bf4 h6 {E18: Queen's Indian: Old Main Line (4 g3 Bb7 5 Bg2 Be7 6 0-0 0-0 7 Nc3)} (9... Na6 10. Rc1 Re8 11. Ne5 h6 12. Qa4 Bf8 13. a3 c5 14. Rfd1 cxd4 15. Rxd4 Bc5 16. Rdd1 g5 17. b4 Bf8 18. Nxd5 Nxd5 19. Bxd5 Bxd5 {1-0 (29) Gunina,V (2518)-Jumabayev,R (2613) Almaty 2016}) 10. Rc1 Na6 {LiveBook: 5 Games} 11. Qb3 $146 ({Predecessor:} 11. Re1 Re8 12. Ne5 Bf8 13. a3 c5 14. dxc5 Nxc5 15. b4 Ne6 16. Nb5 Ne4 17. Nc6 Bxc6 18. Rxc6 {0-1 (25) Botvinnik,M (2339)-Grinshpun,E (2410) Israel 2010}) 11... Re8 {White is slightly better.} 12. Rfd1 Bf8 13. Ne5 c5 14. e4 {[%cal Rc3d5,Be2e4,Be4d5][%mdl 32]} cxd4 $1 {...Nc5 is the strong threat.} 15. Nxd5 (15. Rxd4 g5 $17) 15... Nxd5 16. exd5 {Hoping for d6.} Qf6 (16... Nc5 $14 17. Qc2 Rc8) 17. Nd7 $16 Qf5 18. Nxf8 g5 $2 (18... Rxf8 {might work better.} 19. Qd3 (19. Rxd4 Rac8 $16) 19... Qxd3 20. Rxd3 Rac8 21. Rxc8 (21. Rxd4 Rxc1+ 22. Bxc1 Rd8 $18) 21... Rxc8 22. Rxd4 Nc5) 19. Bd6 $18 ({Not} 19. Rxd4 Rxf8 20. Be3 Rad8 $18) 19... Rad8 20. Ba3 $2 ({But not} 20. Rxd4 $2 Rxd6 21. Qa3 (21. g4 $2 Qf6 $19) 21... Red8 $19) (20. Qb5 $18) 20... Bxd5 $14 21. Bxd5 Rxd5 22. Qc4 Nc5 23. Rxd4 Rde5 24. Bxc5 (24. Rf1 {is interesting.} Kxf8 25. Bb4 Qe6 26. f4 Qxc4 27. Rxc4 Rd5 28. Rf2) 24... Rxc5 25. Qf1 {Strongly threatening Nd7.} Kxf8 26. Rxc5 Qxc5 $11 {[%mdl 4096] Endgame KQR-KQR} 27. Qd1 Kg7 28. Rd7 Qe5 29. Qf3 Re7 30. Rxe7 Qxe7 {KQ-KQ} 31. Qd5 Qf6 32. b4 Kg6 33. Kg2 Qf5 34. Qc6+ (34. Qd6+ {is more complex.} f6 35. Qc6 g4 36. Qe8+ Kg7 37. Qe7+) 34... Kg7 35. Qf3 Qe6 36. Qc3+ Kg8 37. a3 b5 38. Qd3 a6 39. Qd8+ Kg7 40. Qd4+ f6 41. Kf3 h5 42. Qa7+ Kh6 43. Qa8 h4 44. Qe4 Qb3+ 45. Kg4 hxg3 46. hxg3 Qf7 47. Qh1+ Kg7 48. Qc6 Qa7 49. f4 gxf4 50. gxf4 Qg1+ 51. Kf5 Qb1+ 52. Ke6 {aiming for Qc7+.} Qb3+ 53. Ke7 Qe3+ 54. Kd7 Qxf4 55. Qxa6 Qc4 56. Qc6 Qd3+ 57. Ke6 Qh3+ 58. Kd6 Qd3+ 59. Ke6 Qe3+ 60. Kd7 Qe5 61. Qg2+ Kf8 62. Kc6 f5 {White must now prevent ...Qe4+.} 63. a4 $2 (63. Qg5 $11 {and White stays safe.}) 63... bxa4 $19 64. b5 $2 (64. Qh3) 64... a3 65. b6 Qe6+ $2 (65... Qc3+ $19 66. Kd7 Qd4+ 67. Kc7 Qg7+ 68. Qxg7+ Kxg7) 66. Kc7 $1 $11 a2 67. Qa8+ $2 {[%mdl 8192]} (67. Qb2 $11) 67... Ke7 68. Qa3+ {[#]} Kf6 $1 69. b7 {[#]} Qc4+ $2 (69... Qe5+ $1 $19 70. Kc6 a1=Q 71. Qxa1 Qxa1) 70. Kd7 $2 {[%mdl 8192]} (70. Kb8 $11) 70... Qd4+ $19 71. Kc6 a1=Q 72. Qxa1 Qxa1 73. b8=Q {KQ-KQ} Qc3+ 74. Kd5 Qd3+ 75. Kc5 Kg5 (75... Qc2+ $142 76. Kd4 Qe4+ 77. Kc3 Qe5+ 78. Qxe5+ Kxe5 79. Kd3 Kf4 80. Kd2 Kf3 81. Kd3 f4 82. Kd4 Kg3 83. Ke4 f3 84. Kd4 f2 85. Kc5 f1=Q 86. Kb4 Qb1+ 87. Kc5 Qb3 88. Kc6 Kf4 89. Kd6 Qc4 90. Ke7 Ke5 91. Kd7 Qb5+ 92. Kd8 Qb7 93. Ke8 Ke6 94. Kf8 Qf7#) 76. Qg8+ Kf4 77. Kb6 Kf3 78. Qh7 Qd4+ 79. Kb7 f4 80. Qh1+ Kg4 81. Qg2+ Kf5 82. Qh3+ Ke5 83. Qh5+ Kd6 84. Qg6+ Kc5 85. Qc2+ Qc4 86. Qf2+ Kb4 87. Qe1+ Ka3 88. Qf2 Qb3+ 89. Ka8 Qe3 90. Qf1 f3 $2 ({Black should play} 90... Qe4+ $19 91. Kb8 f3 92. Qa1+ Kb3 93. Qd1+ Kc3 94. Qc1+ Kb3 95. Qd1+ Kb4 96. Qd2+ Kc4 97. Qa2+ Kc3) 91. Qa6+ $11 Kb2 $2 {[%mdl 8192]} (91... Kb3 $11 92. Qb6+ Qxb6) 92. Qb7+ $2 {[%mdl 8192]} (92. Qb6+ $11 Qb3 93. Qd4+ Kc1 94. Qc5+ Kd1 95. Qf2) 92... Kc2 $19 93. Qc6+ Qc3 94. Qg6+ Kc1 95. Qg1+ Kb2 96. Qf2+ Ka3 97. Qa7+ Kb3 98. Qb6+ Ka4 99. Qf2 Kb5 100. Qf1+ Ka5 {( -> ...Qc6+)} 101. Qf2 Qc8+ {Black mates.} 102. Ka7 Qc7+ 103. Ka8 Qc6+ 104. Ka7 Qa6+ {Precision: White = 55%, Black = 66%.} 0-1

[Event "XVIII Najdorf Open 2018"]
[Site "Warsaw"]
[Date "2018.07.08"]
[Round "1"]
[White "Rozycki, Bartlomiej"]
[Black "Niekras, Dawid"]
[Result "1/2-1/2"]
[WhiteElo "2152"]
[BlackElo "2351"]
[Annotator "NA"]
[PlyCount "109"]
[EventDate "2018.07.08"]
[EventCountry "POL"]
[SourceTitle "playchess.com"]
[Source "ChessBase"]
[SourceQuality "1"]

1. e4 c5 2. Nf3 g6 3. d4 cxd4 4. Nxd4 Nc6 5. c4 Nf6 6. Nc3 d6 7. Be2 Nxd4 8. Qxd4 Bg7 9. Be3 O-O 10. Qd2 a5 {B36: Sicilian: Maroczy Bind: Gurgenidze System} 11. Rd1 a4 12. O-O Qa5 13. Bd4 Be6 {[#]} 14. Bxf6 $146 ({Predecessor:} 14. Qe3 Nd7 15. f4 Rac8 16. b3 axb3 17. axb3 Bxd4 18. Rxd4 {1-0 (58) Harikrishna,P (2744)-Mamedov,R (2709) Huaian 2017}) 14... Bxf6 15. Nd5 Bxd5 16. exd5 Qxd2 17. Rxd2 Rfc8 18. Rb1 Rc5 19. g3 Kf8 20. Kg2 Ra6 21. b4 axb3 22. Rxb3 Ra7 23. Rb5 Rc8 $15 24. a4 Rxa4 25. Rxb7 Bc3 26. Rc2 Bd4 27. Rd2 Ra7 28. Rxa7 Bxa7 29. Ra2 Bc5 30. Bg4 Rb8 31. h4 Rb4 32. Be2 Kg7 33. Bd3 Kf6 34. Be2 h6 35. Kf3 g5 36. h5 Rb8 37. Bd1 Rb1 38. Be2 Rb3+ 39. Kg2 Kg7 40. g4 Kf6 41. Ra8 Rb2 42. Kf3 Rd2 43. Rb8 Rd4 44. Kg3 Rf4 45. f3 Rd4 46. Rb2 Kg7 47. Rb7 Kf6 48. Rb2 e6 49. dxe6 Kxe6 50. Rb8 Rd2 51. Re8+ Kf6 52. f4 gxf4+ 53. Kxf4 Rd4+ 54. Re4 Rxe4+ 55. Kxe4 {Ke5+} 1/2-1/2

[Event "XVIII Najdorf Open 2018"]
[Site "Warsaw"]
[Date "2018.07.08"]
[Round "1"]
[White "Thrish, Karthik"]
[Black "Havelka, Josef"]
[Result "1/2-1/2"]
[WhiteElo "2145"]
[BlackElo "2349"]
[Annotator "TA"]
[PlyCount "167"]
[EventDate "2018.07.08"]
[EventCountry "POL"]
[SourceTitle "playchess.com"]
[Source "ChessBase"]
[SourceQuality "1"]

{[%evp 16,167,27,-11,0,0,0,0,0,0,0,0,0,0,0,0,0,-6,5,0,7,9,9,0,74,64,77,79,84,59,104,-43,-42,-30,-35,-32,-42,-37,-29,-39,-41,-35,-24,-35,-31,-69,-71,-71,-72,-69,-29,-35,-39,-88,-54,-54,-53,-83,-55,-55,-33,-39,-48,-110,-62,-73,-66,-58,-33,-82,-62,-89,-79,-78,-73,-83,-82,-110,-104,-114,-102,-102,-77,-82,-72,-95,-91,-98,-59,-58,-20,-20,-18,-38,-8,-21,-18,-17,-18,-26,-26,-23,-24,-77,-77,-299,-306,-306,-306,-306,-142,-161,-168,-168,-175,-176,0,0,0,0,0,0,0,0,0,0,-8,-73,-73,-74,-74,-79,-1067,-1067,0,0,0,0,0,0,0,0,0,0,0,0,0,0,0,0,0,0,0,0]} 1. e4 c5 2. Nf3 Nc6 3. d4 cxd4 4. Nxd4 Nf6 5. Nc3 d6 6. Bg5 e6 7. Bc4 Be7 8. O-O a6 9. a4 Bd7 {B86: Sicilian Scheveningen/Najdorf: 6 Bc4, without early ...b5} (9... O-O 10. Qd2 Qc7 11. Nxc6 bxc6 12. Rfe1 e5 13. a5 Be6 14. Bd3 d5 15. Bxf6 Bxf6 16. Na4 Rfd8 17. Nb6 {1-0 (76) Gete Rodriguez,I (2146)-Cucarella Montell,A (1950) Bergara 2012}) 10. Nb3 Rc8 11. Be2 O-O 12. Qd2 $146 ({Predecessor:} 12. a5 Ne5 13. Qd4 Ne8 14. Be3 Ng6 15. Qd2 Bf6 16. Bb6 Bxc3 17. bxc3 {1-0 (48) Leuschner,G (1951)-Roth,K (1674) Schloss Schney 2003}) 12... h6 13. Bxf6 Bxf6 14. Qxd6 Be5 15. Qd2 Qc7 16. f4 Qb6+ 17. Kh1 Bxc3 18. bxc3 Rfd8 19. a5 Qa7 (19... Nxa5 $11 {keeps the balance.} 20. Rxa5 (20. Nxa5 Ba4 $11) 20... Ba4 21. Qxd8+ Qxd8 22. Rxa4 Rxc3) 20. Bd3 $16 Ne7 21. c4 Nc6 22. c5 e5 23. fxe5 (23. f5 $16) 23... Be6 $15 24. Qc3 Qb8 25. Bc4 Bxc4 26. Qxc4 Nxe5 27. Qe2 Qc7 {[%mdl 1024] Black has compensation.} 28. Rad1 Re8 29. Rd5 Qe7 30. Qh5 Nd7 31. e5 Nxe5 32. Re1 {[%cal Rd5e5]} f6 33. Nd4 Qf8 34. Rf1 Qf7 35. Qxf7+ Nxf7 36. Nf5 Kf8 37. h3 Re5 38. Rd7 Rcxc5 39. Nd4 ({Better is} 39. Nh4 $1 $15 Kg8 40. Rxb7) 39... Rxa5 40. Rxb7 Rad5 41. Rb8+ Nd8 (41... Rd8 $5 {[%cal Rd8b8]} 42. Rfb1 Re1+ $1 {[%mdl 512]} 43. Rxe1 Rxb8 $17) 42. Nc6 Re8 43. Nb4 Ra5 44. Rd1 Nf7 45. Rb7 Rb5 46. Rdd7 Rxb7 47. Rxb7 $17 {[%mdl 4096] Endgame KRN-KRN} a5 48. Nd5 Nd6 49. Ra7 Nc4 50. Nf4 Re4 51. Ng6+ Kg8 52. Ne7+ Kh8 53. Nf5 Re5 54. g4 h5 (54... a4 $5 55. Rxa4 Ne3 $15) 55. Nxg7 hxg4 56. hxg4 Ne3 57. Nh5 Nxg4 58. Nf4 Kg8 59. c4 (59. Kg1 $11) 59... Ne3 60. Nd5 $2 (60. Kg1 $17) 60... Nxd5 $19 61. cxd5 Rxd5 {KR-KR} 62. Kg2 f5 (62... Kf8 $19 {has better winning chances.} 63. Kf3 Rg5) 63. Kf3 $17 Kf8 64. Kf4 Ke8 65. Kg5 {intending Kf6.} Rb5 $2 (65... Kd8 $1 $19 66. Kf6 Kc8) 66. Kf6 $1 $11 Kd8 67. Ke6 $1 Kc8 {Threatens to win with ...f4.} 68. Kd6 Kb8 69. Rf7 a4 70. Kc6 Re5 {Hoping for ...a3.} 71. Kb6 (71. Rb7+ $1 $11 {remains equal.} Kc8 72. Ra7 Re6+ 73. Kd5) 71... Kc8 $17 {Strongly threatening ...Kd8.} 72. Kc6 {Rf8+ would kill now.} Kd8 {And now ...Ra5 would win.} 73. Kd6 Ke8 74. Ra7 {[#]} Re4 $2 (74... Re1 $1 $19 {[%cal Re1a1] White must now prevent ...Ra1.} 75. Ra5 {[#]} a3 $1 {[%mdl 512]} 76. Rxa3 Kf7) 75. Kd5 $11 {The position is equal.} Re7 76. Rxa4 Kf7 {aiming for ...Kf6.} 77. Ra6 $1 Kg7 78. Rb6 Rf7 79. Ke5 f4 80. Ke4 f3 81. Rb1 Kg6 82. Rf1 Kg5 83. Rxf3 Rxf3 84. Kxf3 {Precision: White = 59%, Black = 58%.} 1/2-1/2

[Event "XVIII Najdorf Open 2018"]
[Site "Warsaw"]
[Date "2018.07.08"]
[Round "1"]
[White "Smieszek, Wojciech"]
[Black "Oglaza, Oskar"]
[Result "1-0"]
[WhiteElo "2137"]
[BlackElo "2344"]
[Annotator "TA"]
[PlyCount "106"]
[EventDate "2018.07.08"]
[EventCountry "POL"]
[SourceTitle "playchess.com"]
[Source "ChessBase"]
[SourceQuality "1"]

{[%evp 19,106,5,21,8,27,0,41,-28,-55,-46,-40,-21,0,0,10,-40,22,-77,0,0,8,14,5,15,11,14,28,25,28,24,22,0,34,29,52,62,49,-36,-38,-146,-147,-148,-147,-222,-237,-243,-247,-280,-253,-266,-170,-162,-162,-166,-170,-217,-202,-192,10,10,10,10,10,10,10,10,10,10,10,10,10,10,10,10,10,0,10,8,8,0,10,10,10,0,0,0,10,0,0]} 1. e4 c5 2. Nf3 d6 3. d4 cxd4 4. Nxd4 Nf6 5. Nc3 a6 6. Nb3 g6 {B90: Sicilian Najdorf: Unusual White 6th moves, 6 Be3 Ng4 and 6 Be3 e5} (6... e5 7. Bg5 Be7 8. Bxf6 Bxf6 9. Qd3 Be6 10. O-O-O Be7 11. Nd5 Bxd5 12. Qxd5 Qc7 13. Kb1 O-O 14. Na5 Nc6 15. Nc4 Rad8 {1-0 (50) Grischuk,A (2737)-Nepomniachtchi,I (2767) Doha 2016}) 7. Be2 Bg7 8. g4 Nc6 9. g5 Nd7 10. h4 b5 {LiveBook: 3 Games} 11. h5 Bb7 12. f4 Nb6 $146 (12... Bxc3+ $5 13. bxc3 gxh5 $14) ({Predecessor:} 12... Rc8 13. Nd5 e6 14. Ne3 {0-1 (31) Tissir,M (2354)-Oliva Castaneda,K (2497) Barcelona 2017}) 13. h6 (13. Nd5 $14) 13... Bxc3+ $1 $11 14. bxc3 Qc7 15. Be3 O-O-O 16. O-O e5 17. fxe5 (17. Bd3 {seems wilder.} Na4 18. c4 bxc4 19. Bxc4 Nc3 20. Qg4+) 17... Nxe5 (17... Rhe8 $15) 18. Na5 (18. Bxb6 $11 {remains equal.} Qxb6+ 19. Qd4) 18... Qxc3 ({Much weaker is} 18... Bxe4 19. Qd4 $11) (18... Na4 $1 $17 {[%cal Ra4c3]} 19. Nxb7 Nxc3) 19. Qd4 Qxa5 20. Qxb6 Qxb6 21. Bxb6 Rd7 22. a4 bxa4 23. Rxa4 Re8 24. Bd4 Rc7 25. c3 Nc6 26. Bf6 {[%mdl 1024] White has compensation.} Nb8 27. Bg4+ Nd7 28. Bg7 (28. e5 $14 dxe5 29. Rd1) 28... Kb8 $36 {[%mdl 2048] Hoping for ...Nc5. Black has the initiative.} 29. Be2 {[#]} ({White should play} 29. Rb4 $15) 29... Nc5 $1 $17 {[%cal Rc5a4]} ({Don't take} 29... Rxe4 30. Rxe4 Bxe4 31. Rxf7 $15) 30. Rb4 Rxe4 ({Much worse is} 30... Nxe4 $6 31. Bxa6 Ree7 32. Bf8 $11) 31. Bf3 (31. Rb2 $17 {was worth a try.}) 31... Rxb4 $19 32. cxb4 Ne6 33. Bg4 Nxg5 34. Bf8 f5 {And now ...Rc2 would win.} 35. Bxd6 fxg4 36. Rc1 Ne6 37. Re1 {[#]} Bc8 $1 38. Rf1 {Black must now prevent Rf7.} Kb7 $2 (38... Bd7 $19 {Threatens to win with ...Kc8.} 39. Kh2 Kc8 40. Bxc7 Kxc7) 39. Bxc7 $11 {The position is equal.} Kxc7 40. Rf7+ Kd6 {...Ng5 is the strong threat.} 41. Rxh7 {aiming for Rh8.} Ng5 42. Rg7 Bf5 43. Ra7 Ke5 44. h7 Nxh7 $1 45. Rxh7 {[%mdl 4096] Endgame KR-KB} Kd4 46. Rc7 Bd3 47. Rc6 Ke3 48. Re6+ Kd2 49. Rc6 g3 50. Rc7 Be4 51. Ra7 Bd3 52. Rc7 Be4 53. Ra7 Bd3 {[%mdl 32768] Precision: White = 49%, Black = 51%. . Loss on Time!?} 1-0

[Event "XVIII Najdorf Open 2018"]
[Site "Warsaw"]
[Date "2018.07.08"]
[Round "1"]
[White "Parol, Pawel"]
[Black "Baskin, Robert"]
[Result "0-1"]
[WhiteElo "2122"]
[BlackElo "2339"]
[Annotator "NA"]
[PlyCount "100"]
[EventDate "2018.07.08"]
[EventCountry "POL"]
[SourceTitle "playchess.com"]
[Source "ChessBase"]
[SourceQuality "1"]

1. d4 Nf6 2. c4 e6 3. g3 d5 4. Nf3 Bb4+ 5. Bd2 Be7 6. Bg2 O-O 7. O-O Nbd7 8. Qc2 {E11: Bogo-Indian} (8. b4 c6 9. a4 Bd6 10. Qc2 e5 11. cxd5 cxd5 12. dxe5 Nxe5 13. Bc3 Re8 14. Nbd2 Nxf3+ 15. Bxf3 Bh3 {½-½ (58) So,W (2778)-Karjakin,S (2782) Stavanger 2018}) 8... Ne4 9. cxd5 exd5 10. Bf4 c6 11. Nc3 Ndf6 12. Nxe4 $146 ({Predecessor:} 12. Ne5 Bf5 13. g4 Nxc3 14. gxf5 Nb5 15. Rad1 Nh5 {½-½ (55) Lagashin,P (2178)-Novikov,M (1926) St Petersburg 2011}) 12... Nxe4 13. Nd2 Nd6 14. Rfe1 Bf5 15. Qb3 a5 16. a4 Ra6 17. Qc3 Ne4 18. Qc1 Bb4 19. Rd1 Re8 20. Nxe4 Bxe4 21. Bf1 Rb6 22. Bd2 Qf6 23. Bc3 h5 24. Qf4 $17 (24. h4 $142) 24... Qxf4 25. gxf4 Re6 26. f3 Bf5 27. Kf2 Bxc3 28. bxc3 Rb2 29. Ra3 h4 30. Rda1 Bb1 31. c4 dxc4 32. Rc3 Bd3 33. f5 Rexe2+ 34. Bxe2 Rxe2+ 35. Kg1 h3 36. Rca3 Rg2+ 37. Kh1 Rf2 38. f6 gxf6 39. Rg1+ Kf8 40. Raa1 Rxf3 41. Rg3 Rxg3 42. hxg3 c3 43. Kh2 Bf5 44. Rc1 c2 45. g4 Bg6 46. Kxh3 Ke7 47. Kg3 b5 48. d5 b4 49. dxc6 Kd6 50. Kf4 b3 {Ke5+ Kxe5} 0-1

[Event "XVIII Najdorf Open 2018"]
[Site "Warsaw"]
[Date "2018.07.09"]
[Round "2"]
[White "Bartel, Mateusz"]
[Black "Zakrzewski, Marek"]
[Result "1-0"]
[WhiteElo "2604"]
[BlackElo "2309"]
[Annotator "ChessBase"]
[PlyCount "73"]
[EventDate "2018.07.08"]
[EventCountry "POL"]
[SourceTitle "playchess.com"]
[Source "ChessBase"]
[SourceQuality "1"]

1. d4 Nf6 2. c4 e6 3. Nc3 Bb4 4. e3 O-O 5. Bd2 d5 6. cxd5 exd5 7. Bd3 c5 8. Nge2 Nc6 9. a3 c4 10. Bc2 Bd6 11. O-O Rb8 12. f3 b5 13. Be1 a5 14. Bh4 Be7 15. Bg3 Rb7 16. b3 Be6 17. Nf4 Qc8 18. bxc4 dxc4 19. d5 Rd8 20. Qb1 Nxd5 21. Bxh7+ Kh8 22. Ncxd5 Bxd5 23. Bf5 Be6 24. Nxe6 fxe6 25. Be4 Bf6 26. Ra2 Rb6 27. Qe1 b4 28. axb4 axb4 29. Bh4 Rf8 30. Qg3 Qe8 31. Rd1 b3 32. Ra8 Nb8 33. Bxf6 Rxf6 34. Qc7 Rb4 35. Rd8 Rf8 36. Rxe8 Rxe8 37. Ra7 1-0

[Event "XVIII Najdorf Open 2018"]
[Site "Warsaw"]
[Date "2018.07.09"]
[Round "2"]
[White "Mista, Aleksander"]
[Black "Kucza, Karol"]
[Result "1-0"]
[WhiteElo "2595"]
[BlackElo "2308"]
[Annotator "TA"]
[PlyCount "87"]
[EventDate "2018.07.08"]
[EventCountry "POL"]
[SourceTitle "playchess.com"]
[Source "ChessBase"]
[SourceQuality "1"]

{[%evp 30,87,1,0,-8,-7,-5,-12,18,9,107,104,129,111,138,134,118,126,117,77,72,12,98,47,137,120,145,121,121,128,140,129,148,134,199,179,169,110,188,166,236,199,176,151,200,195,194,184,378,274,274,250,260,284,457,461,29975,29978,29988,29989]} 1. e4 e5 2. Nf3 Nc6 3. Bb5 a6 4. Ba4 Nf6 5. O-O Nxe4 6. d4 b5 7. Bb3 d5 8. dxe5 Be6 9. c3 Bc5 10. Qd3 O-O 11. Be3 Qe7 {C82: Open Ruy Lopez: 9 c3 without 9...Be7} (11... f6 12. exf6 Qxf6 13. Nbd2 Nxd2 14. Qxd2 Bxe3 15. fxe3 Na5 16. Bxd5 Nc4 17. Bxc4 Bxc4 18. Rf2 Rad8 19. Nd4 Qg6 20. Rxf8+ Rxf8 {1-0 (41) Giri,A (2782)-Anand,V (2759) Leuven 2018}) 12. Nbd2 Nxd2 13. Qxd2 Bxe3 14. Qxe3 Na5 15. Bc2 Nc4 16. Qd3 {[%csl Gc2][%cal Rd3h7] LiveBook: 3 Games} g6 17. b3 Na3 {White must now prevent ...Bf5.} 18. Bd1 {[%cal Bc2d1,Bd1f3,Bf3d5,Bd5e4,Be4d3][%mdl 32]} c5 19. Qd2 a5 {[#]} (19... Bf5 $11 {remains equal.}) 20. Qh6 $1 $16 f5 $146 {[#]} 21. exf6 $1 Qxf6 22. Ng5 {[%csl Gg5][%cal Rh6h7]} Ra7 23. Bf3 d4 24. Rae1 Bf5 25. cxd4 (25. g4 $16 Bd3 26. Re6) 25... cxd4 (25... Nc2 $1 $11) 26. Ne4 (26. g4 $16 Qg7 27. Qxg7+ Rxg7 28. Rd1 (28. gxf5 gxf5 29. Kh1 Rxg5 $14)) 26... Qb6 (26... Qd8 $14) 27. Ng3 {Intending Bd5+ and mate.} Qf6 28. Bd5+ Kh8 29. Nxf5 $40 {[%mdl 128] White goes for the king.} Qxf5 30. Be4 Qf6 31. Bd3 Qg7 (31... Qf4 $16 {might work better.} 32. Qh3 Rg7) 32. Qh4 Qf6 33. Qg3 (33. Qh3 $18) 33... b4 (33... Re7 $16 34. Rc1 Rfe8) 34. f4 $18 {Threatens to win with f5.} Qd6 (34... Rg7 $142 35. Re5 Qd8) 35. Qh4 Raf7 {[%cal Rf7f4]} 36. Re4 Qb6 {[#]} 37. f5 $1 {[%mdl 512]} gxf5 (37... Rxf5 38. Rxf5) 38. Re5 {[%cal Re5f5]} (38. Rxd4 Rd7 $14) 38... Nc2 $2 (38... Qd8 39. Qxd8 Rxd8 40. Rxa5 (40. Rfxf5 Rc7 $18) (40. Rexf5 Rc7 $16) 40... f4) 39. Rexf5 ({Not} 39. Bxc2 d3+ 40. Qf2 Qxf2+ 41. Rxf2 dxc2 $16) 39... Rxf5 40. Rxf5 ({Don't do} 40. Bxf5 $6 d3+ 41. Kh1 Rf7 $16) 40... Rxf5 41. Bxf5 {[%csl Gf5][%cal Rh4h7]} d3+ $2 (41... h5 42. Qe7 d3+ 43. Kh1 Qh6 44. Qe5+ Kg8) 42. Kh1 {[%csl Gf5][%cal Rh4h7]} Kg7 (42... h5 $18 43. Bxd3 Ne3 44. Qxh5+ Kg7 45. Qe5+ Kf7) 43. Qe7+ Kh6 44. h4 {Precision: White = 65%, Black = 27%.} 1-0